<?xml version="1.0" encoding="UTF-8"?>
<collection xmlns="http://www.loc.gov/MARC21/slim">
<record>
  <controlfield tag="001">170004</controlfield>
  <controlfield tag="005">20260316092629.0</controlfield>
  <datafield tag="024" ind1="7" ind2=" ">
    <subfield code="2">doi</subfield>
    <subfield code="a">10.1021/acsami.5c22784</subfield>
  </datafield>
  <datafield tag="024" ind1="8" ind2=" ">
    <subfield code="2">sideral</subfield>
    <subfield code="a">148566</subfield>
  </datafield>
  <datafield tag="037" ind1=" " ind2=" ">
    <subfield code="a">ART-2026-148566</subfield>
  </datafield>
  <datafield tag="041" ind1=" " ind2=" ">
    <subfield code="a">eng</subfield>
  </datafield>
  <datafield tag="100" ind1=" " ind2=" ">
    <subfield code="a">Quintana, Alberto</subfield>
  </datafield>
  <datafield tag="245" ind1=" " ind2=" ">
    <subfield code="a">Electronically Driven Magnetoelectric Coupling in Co/La:Hf0.5Zr0.5O2 Heterostructures for Energy-Efficient Neuromorphic Computing</subfield>
  </datafield>
  <datafield tag="260" ind1=" " ind2=" ">
    <subfield code="c">2026</subfield>
  </datafield>
  <datafield tag="520" ind1="3" ind2=" ">
    <subfield code="a">Magnetoelectric materials enable low-power memory devices by leveraging the electric control of magnetization. The discovery of ferroelectricity in doped hafnia has unlocked further opportunities since the distinct ferroelectric switching mechanism in this material can enable robust and multilevel modulation of magnetization by electric field, if combined with appropriate magnetic materials. Here, we demonstrate a 5% electric field-induced modulation of the saturation magnetization in a cobalt layer, driven by ferroelectric switching of an adjacent epitaxial La(1%):Hf0.5Zr0.5O2 film. Dichroic imaging with synchrotron radiation confirms that ferroelectric switching induces a magnetic change. We show that the response time is faster than 500 ns (limited by the setup time resolution threshold) and that energy consumption is 6 nJ. This low energy consumption is mainly enabled by the absence of relevant leakage current contribution (10 nA/cm2 at 500 mV). The found response time and energy-efficient behavior point to the presence of an electronically driven modulation of magnetism (i.e., conventional magnetoelectric effects), which is confirmed by theoretical calculations and compositional analysis. Additionally, a multilevel magnetoelectric response is observed, enabling neuromorphic-like behavior. The demonstration of magnetoelectric coupling in a system based on CMOS-compatible materials offers a viable route toward the development of low-power beyond von-Neumann technologies.</subfield>
  </datafield>
  <datafield tag="506" ind1="0" ind2=" ">
    <subfield code="a">Access copy available to the general public</subfield>
    <subfield code="f">Unrestricted</subfield>
  </datafield>
  <datafield tag="536" ind1=" " ind2=" ">
    <subfield code="9">info:eu-repo/grantAgreement/ES/AEI/CEX2023-001263-S</subfield>
    <subfield code="9">info:eu-repo/grantAgreement/ES/AEI/CEX2023-001286-S</subfield>
    <subfield code="9">info:eu-repo/grantAgreement/ES/AEI/CNS2022-135230</subfield>
    <subfield code="9">info:eu-repo/grantAgreement/EUR/MICINN/TED2021-130453B-C21</subfield>
    <subfield code="9">info:eu-repo/grantAgreement/ES/DGA/E13-23R</subfield>
    <subfield code="9">info:eu-repo/grantAgreement/EC/ERC/101054687/EU/Voltage-Reconfigurable Magnetic Invisibility: A New Concept for Data Security Based on Engineered Magnetoelectric Materials/REMINDS</subfield>
    <subfield code="9">info:eu-repo/grantAgreement/EC/H2020/101168161/EU/MAterials for Smarter AUTonomous sensOrs/MASAUTO</subfield>
    <subfield code="9">This project has received funding from the European Union’s Horizon 2020 research and innovation program under grant agreement No H2020 101168161-MASAUTO</subfield>
    <subfield code="9">info:eu-repo/grantAgreement/ES/MICINN-AEI-FEDER/PID2021-122980OB-C54</subfield>
    <subfield code="9">info:eu-repo/grantAgreement/ES/MICINN/AEI/PID2020-112548RB-I00</subfield>
    <subfield code="9">info:eu-repo/grantAgreement/ES/MICINN-AEI/PID2020-112914RB-I00</subfield>
    <subfield code="9">info:eu-repo/grantAgreement/ES/MICINN/PDC2023-145874-I00</subfield>
    <subfield code="9">info:eu-repo/grantAgreement/ES/MICINN/PID2023-147211OB-C21</subfield>
    <subfield code="9">info:eu-repo/grantAgreement/ES/MICINN/PID2023-147211OB-C22</subfield>
    <subfield code="9">info:eu-repo/grantAgreement/ES/MICINN/PID2024-156385OB-I00</subfield>
    <subfield code="9">info:eu-repo/grantAgreement/EUR/MICINN/TED2021-130453B-C22</subfield>
  </datafield>
  <datafield tag="540" ind1=" " ind2=" ">
    <subfield code="9">info:eu-repo/semantics/openAccess</subfield>
    <subfield code="a">by</subfield>
    <subfield code="u">https://creativecommons.org/licenses/by/4.0/deed.es</subfield>
  </datafield>
  <datafield tag="655" ind1=" " ind2="4">
    <subfield code="a">info:eu-repo/semantics/article</subfield>
    <subfield code="v">info:eu-repo/semantics/publishedVersion</subfield>
  </datafield>
  <datafield tag="700" ind1=" " ind2=" ">
    <subfield code="a">Magen, Cesar</subfield>
    <subfield code="0">(orcid)0000-0002-6761-6171</subfield>
  </datafield>
  <datafield tag="700" ind1=" " ind2=" ">
    <subfield code="a">Ghiasabadi Farahani, Mehrdad</subfield>
  </datafield>
  <datafield tag="700" ind1=" " ind2=" ">
    <subfield code="a">Dong, Wenjing</subfield>
  </datafield>
  <datafield tag="700" ind1=" " ind2=" ">
    <subfield code="a">Zou, Jingye</subfield>
  </datafield>
  <datafield tag="700" ind1=" " ind2=" ">
    <subfield code="a">Dix, Nico</subfield>
  </datafield>
  <datafield tag="700" ind1=" " ind2=" ">
    <subfield code="a">Ma, Zheng</subfield>
  </datafield>
  <datafield tag="700" ind1=" " ind2=" ">
    <subfield code="a">Menéndez, Enric</subfield>
  </datafield>
  <datafield tag="700" ind1=" " ind2=" ">
    <subfield code="a">Foerster, Michael</subfield>
  </datafield>
  <datafield tag="700" ind1=" " ind2=" ">
    <subfield code="a">Niño, Miguel Angel</subfield>
  </datafield>
  <datafield tag="700" ind1=" " ind2=" ">
    <subfield code="a">Cazorla, Claudio</subfield>
  </datafield>
  <datafield tag="700" ind1=" " ind2=" ">
    <subfield code="a">Sort, Jordi</subfield>
  </datafield>
  <datafield tag="700" ind1=" " ind2=" ">
    <subfield code="a">Sánchez, Florencio</subfield>
  </datafield>
  <datafield tag="700" ind1=" " ind2=" ">
    <subfield code="a">Fina, Ignasi</subfield>
  </datafield>
  <datafield tag="773" ind1=" " ind2=" ">
    <subfield code="g">18, 9 (2026), 13970–13979</subfield>
    <subfield code="p">ACS appl. mater. interfaces</subfield>
    <subfield code="t">ACS applied materials &amp; interfaces</subfield>
    <subfield code="x">1944-8244</subfield>
  </datafield>
  <datafield tag="856" ind1="4" ind2=" ">
    <subfield code="s">8392821</subfield>
    <subfield code="u">http://zaguan.unizar.es/record/170004/files/texto_completo.pdf</subfield>
    <subfield code="y">Versión publicada</subfield>
  </datafield>
  <datafield tag="856" ind1="4" ind2=" ">
    <subfield code="s">3387336</subfield>
    <subfield code="u">http://zaguan.unizar.es/record/170004/files/texto_completo.jpg?subformat=icon</subfield>
    <subfield code="x">icon</subfield>
    <subfield code="y">Versión publicada</subfield>
  </datafield>
  <datafield tag="909" ind1="C" ind2="O">
    <subfield code="o">oai:zaguan.unizar.es:170004</subfield>
    <subfield code="p">articulos</subfield>
    <subfield code="p">driver</subfield>
  </datafield>
  <datafield tag="951" ind1=" " ind2=" ">
    <subfield code="a">2026-03-16-08:16:39</subfield>
  </datafield>
  <datafield tag="980" ind1=" " ind2=" ">
    <subfield code="a">ARTICLE</subfield>
  </datafield>
</record>
</collection>